| Tag |
First Indicator |
Second Indicator |
Subfields |
| LEADER |
00000cam a2200000 4500 |
| 001 |
in00000302000 |
| 005 |
20151010142434.0 |
| 008 |
770404s1947 enkab b 00000 eng |
| 010 |
|
|
|a 47011317
|
| 035 |
|
|
|a (OCoLC)02858542
|
| 035 |
|
|
|9 ABH4323AM
|
| 040 |
|
|
|a DLC
|c BBH
|d TXA
|d UtOrBLW
|
| 049 |
|
|
|a TXAM
|c [259444]
|
| 050 |
|
0 |
|a DR15
|b .S8
|
| 082 |
0 |
|
|a 914.95
|
| 100 |
1 |
|
|a Stewart, Cecil.
|
| 245 |
1 |
0 |
|a Byzantine legacy.
|
| 264 |
|
1 |
|a London :
|b G. Allen & Unwin,
|c [1947]
|
| 300 |
|
|
|a 202 pages :
|b illustrations, maps. ;
|c 26 cm.
|
| 336 |
|
|
|a text
|b txt
|2 rdacontent
|
| 337 |
|
|
|a unmediated
|b n
|2 rdamedia
|
| 338 |
|
|
|a volume
|b nc
|2 rdacarrier
|
| 504 |
|
|
|a Bibliography: pages 197-198.
|
| 650 |
|
0 |
|a Art, Byzantine.
|
| 651 |
|
0 |
|a Balkan Peninsula
|x Description and travel.
|
| 651 |
|
0 |
|a Athos (Greece)
|
| 999 |
|
|
|a MARS
|
| 999 |
f |
f |
|s b2d46ff0-59af-340b-86c5-4115a84009db
|i 4361668a-ba7d-30ab-8293-d9484a7719a1
|t 0
|
| 952 |
f |
f |
|p ric
|a Texas A&M University
|b Rellis Campus
|c Joint Library Facility
|d Remote Storage
|t 0
|e DR15 .S8
|h Library of Congress classification
|i unmediated -- volume
|m A14826851133
|
| 998 |
f |
f |
|a DR15 .S8
|t 0
|l Remote Storage
|